| 000 | 00743nam a2200241Ia 4500 | ||
|---|---|---|---|
| 003 | OSt | ||
| 005 | 20220926013816.0 | ||
| 006 | a|||||r|||| 00| 0 | ||
| 007 | ta | ||
| 008 | 220923b |||||||| |||| 00| 0 eng d | ||
| 037 | _cGeneral Book | ||
| 040 |
_aRTL _cRTL _beng |
||
| 041 |
_2eng _aeng |
||
| 082 | _aX:(B2893), L6 | ||
| 100 |
_aWhitehouse Gery E _9319061 |
||
| 245 | 0 |
_aApplied operations research _b A survey |
|
| 260 |
_aNew York _bJohn Wiley U S A _c1976 |
||
| 300 |
_axi, 434p. Bib chapterwise, Appendix p427-30 _ccm. |
||
| 650 | _aOperations Recearsh Economic | ||
| 700 |
_a Wechsler Ben L _9319062 |
||
| 942 |
_hX:(B2893), L6 _cGB _2CC |
||
| 999 |
_c626915 _d626915 |
||